[Event "Women's Speed Chess Q4"]
[Site "chess.com INT"]
[Date "2021.06.03"]
[Round "1"]
[White "Chitlange, Sakshi"]
[Black "Narva, Mai"]
[Result "1-0"]
[WhiteTitle "WIM"]
[BlackTitle "WIM"]
[WhiteElo "2167"]
[BlackElo "2276"]
[WhiteFideId "35002899"]
[BlackFideId "4500512"]
[EventDate "2021.06.03"]

1. d4 Nf6 2. Bf4 d5 3. e3 e6 4. Nf3 Bd6 5. Bg3 O-O 6. Nbd2 c5 7. c3 Nc6 8. Bb5
Ne7 9. Bd3 b6 10. e4 dxe4 11. Nxe4 Nf5 12. Nxd6 Nxd6 13. dxc5 bxc5 14. Bxd6 Re8
15. Be5 1-0

[Event "Women's Speed Chess Q4"]
[Site "chess.com INT"]
[Date "2021.06.03"]
[Round "1"]
[White "Osmak, Iulija"]
[Black "Rakshitta, Ravi"]
[Result "0-1"]
[WhiteTitle "IM"]
[BlackTitle "WIM"]
[WhiteElo "2425"]
[BlackElo "2190"]
[WhiteFideId "14101602"]
[BlackFideId "25073230"]
[EventDate "2021.06.03"]

1. e4 e5 2. Nf3 Nc6 3. Bb5 f5 4. d3 fxe4 5. dxe4 Nf6 6. O-O d6 7. Qd3 a6 8. Ba4
b5 9. Bb3 Na5 10. Nc3 Nxb3 11. axb3 Be7 12. Nxb5 O-O 13. Qc4+ d5 14. exd5 axb5
15. Qxb5 Rxa1 16. c4 e4 17. Nd4 Bd7 18. Qb7 Qb8 19. Qxb8 Rxb8 20. Re1 Bc5 21.
Nc2 Raa8 22. Bd2 Rxb3 23. Bc3 Kf7 24. h3 Bf5 25. g4 e3 26. Nxe3 Bxe3 27. Rxe3
Ra1+ 28. Kh2 Be4 29. f3 Bxd5 30. cxd5 Nxd5 31. Rd3 Nxc3 32. bxc3 Rc1 33. Rd7+
Kg6 34. h4 Rcxc3 35. h5+ Kg5 36. Rxg7+ Kh4 0-1

[Event "Women's Speed Chess Q4"]
[Site "chess.com INT"]
[Date "2021.06.03"]
[Round "1"]
[White "Von Herman, Brigitte"]
[Black "Mamedjarova, Turkan"]
[Result "0-1"]
[WhiteTitle "WFM"]
[BlackTitle "WGM"]
[WhiteElo "1991"]
[BlackElo "2309"]
[WhiteFideId "4628730"]
[BlackFideId "13402005"]
[EventDate "2021.06.03"]

1. e4 e5 2. Nf3 Nc6 3. Bc4 Bc5 4. d3 Nf6 5. c3 O-O 6. Nbd2 d5 7. exd5 Nxd5 8.
O-O Bg4 9. h3 Bh5 10. Re1 Re8 11. Nf1 Qd7 12. Ng3 Bg6 13. Bb5 f6 14. Ne4 Bb6 15.
a4 a6 16. Bc4 Kh8 17. Qe2 Rad8 18. b4 Nf4 19. Bxf4 exf4 20. Qc2 Ne5 21. d4 Nxc4
22. Rad1 Nd6 23. Nfd2 Nxe4 24. Nxe4 f3 25. Re3 fxg2 26. Kxg2 Qd5 27. f3 f5 0-1

[Event "Women's Speed Chess Q4"]
[Site "chess.com INT"]
[Date "2021.06.03"]
[Round "1"]
[White "Kazarian, Anna-Maja"]
[Black "Selkirk, Rebecca"]
[Result "1-0"]
[WhiteTitle "FM"]
[BlackTitle "WCM"]
[WhiteElo "2096"]
[BlackElo "1799"]
[WhiteFideId "1033689"]
[BlackFideId "14306514"]
[EventDate "2021.06.03"]

1. e4 c6 2. d4 d5 3. Nc3 dxe4 4. Nxe4 Nd7 5. Nf3 Ngf6 6. Bd3 Nxe4 7. Bxe4 Nf6 8.
Bd3 e6 9. c3 Bd6 10. O-O O-O 11. Bg5 Be7 12. Qd2 b6 13. Ne5 Bb7 14. Rfe1 Rc8 15.
Rad1 c5 16. dxc5 Qd5 17. f3 Qxc5+ 18. Kh1 Rfd8 19. Qc2 h6 20. Bh4 Rd5 21. Bxf6
Bxf6 22. Bh7+ Kf8 23. Nd7+ Rxd7 24. Rxd7 Qc6 25. Red1 Be7 26. Be4 1-0

[Event "Women's Speed Chess Q4"]
[Site "chess.com INT"]
[Date "2021.06.03"]
[Round "1"]
[White "Jakubowska, Anna"]
[Black "Cyfka, Karina"]
[Result "0-1"]
[WhiteTitle "WIM"]
[BlackTitle "IM"]
[WhiteElo "2073"]
[BlackElo "2415"]
[WhiteFideId "1121952"]
[BlackFideId "1122681"]
[EventDate "2021.06.03"]

1. e4 e5 2. Nc3 Nf6 3. g3 d5 4. exd5 Nxd5 5. Bg2 Nxc3 6. bxc3 Nc6 7. d3 Bd6 8.
Nf3 O-O 9. O-O h6 10. Rb1 f5 11. Nh4 Qf6 12. f4 exf4 13. Bd5+ Kh7 14. Kg2 g5 15.
Nf3 g4 16. Nh4 f3+ 17. Kg1 Ne5 18. Bxb7 Bxb7 19. Rxb7 Ng6 20. Nxg6 Kxg6 21. Be3
h5 22. Qd2 h4 23. Bf4 hxg3 24. hxg3 Rh8 25. c4 Rae8 26. Re1 Bxf4 27. gxf4 Qd4+ 0-1

[Event "Women's Speed Chess Q4"]
[Site "chess.com INT"]
[Date "2021.06.03"]
[Round "1"]
[White "Zakirova, Aisha"]
[Black "Luong, Phuong Hanh"]
[Result "0-1"]
[WhiteTitle "WCM"]
[BlackTitle "WIM"]
[WhiteElo "1585"]
[BlackElo "2229"]
[WhiteFideId "13719734"]
[BlackFideId "12401013"]
[EventDate "2021.06.03"]

1. d4 Nf6 2. c4 g6 3. Nc3 d5 4. Bg5 Ne4 5. Bh4 Nxc3 6. bxc3 dxc4 7. Nf3 Bg7 8.
e4 b5 9. Qb1 c6 10. a4 a6 11. Be2 O-O 12. O-O Nd7 13. axb5 cxb5 14. Qb4 Re8 15.
Rfd1 Bb7 16. d5 Qb6 17. Rab1 Qc5 18. Nd4 Qxb4 19. Rxb4 Nc5 20. f3 Na4 21. Rxa4
bxa4 22. Bxc4 Rac8 23. Bf1 Rxc3 24. Ne2 Rb3 25. g3 a3 26. Bh3 a2 27. Bd7 Rb1 28.
Bxe8 Rxd1+ 29. Kf2 a1=Q 0-1

[Event "Women's Speed Chess Q4"]
[Site "chess.com INT"]
[Date "2021.06.03"]
[Round "1"]
[White "Kiolbasa, Oliwia"]
[Black "Kulkarni, Bhakti"]
[Result "0-1"]
[WhiteTitle "WIM"]
[BlackTitle "IM"]
[WhiteElo "2255"]
[BlackElo "2391"]
[WhiteFideId "1154613"]
[BlackFideId "5019516"]
[EventDate "2021.06.03"]

1. e4 d5 2. exd5 Nf6 3. d4 Nxd5 4. Nf3 Bf5 5. Bc4 e6 6. O-O Be7 7. Re1 O-O 8.
Nbd2 c5 9. Nb3 Nd7 10. c3 Rc8 11. Bxd5 exd5 12. dxc5 Nxc5 13. Nbd4 Be4 14. Nd2
Bg6 15. a4 Nd3 16. Rf1 Bd6 17. N2f3 Nxc1 18. Rxc1 Bf4 19. Ra1 Re8 20. Re1 Rxe1+
21. Qxe1 Qe8 22. a5 a6 23. Qxe8+ Rxe8 24. Ra3 h6 25. Rb3 Re7 26. g3 Bd6 27. Nd2
Bc5 28. Nf1 Re1 29. Kg2 Be4+ 30. f3 Bd3 31. Rxb7 Bxf1+ 32. Kf2 Rb1 33. b4 Bxd4+
34. cxd4 Bb5 35. h4 Rxb4 36. Ke3 g5 37. hxg5 hxg5 38. f4 Rb3+ 39. Kf2 g4 40.
Rb8+ Kg7 41. Rd8 Bc4 0-1

[Event "Women's Speed Chess Q4"]
[Site "chess.com INT"]
[Date "2021.06.03"]
[Round "1"]
[White "Mammadova, Gulnar"]
[Black "Head, Louise"]
[Result "1-0"]
[WhiteTitle "IM"]
[BlackTitle "WFM"]
[WhiteElo "2382"]
[BlackElo "2090"]
[WhiteFideId "13403508"]
[BlackFideId "424773"]
[EventDate "2021.06.03"]

1. e4 c6 2. d4 d5 3. e5 c5 4. dxc5 e6 5. Nf3 Bxc5 6. Bd3 Ne7 7. O-O Nbc6 8. c3
Ng6 9. Re1 Qc7 10. Qe2 a6 11. b4 Be7 12. a4 b6 13. Nbd2 Bb7 14. Nb3 O-O 15. Bxg6
fxg6 16. Bd2 Rf7 17. Nbd4 Nxd4 18. Nxd4 Qd7 19. a5 b5 20. f4 Raf8 21. Be3 Bc8
22. Rf1 Qc7 23. Rac1 Qc4 24. Qxc4 dxc4 25. Nc6 Bb7 26. Nxe7+ Rxe7 27. Bc5 Rd7
28. Bxf8 Kxf8 29. Rcd1 Bd5 30. Kf2 Ke7 31. g4 Rd8 32. Ke3 Rf8 33. Rf2 h6 34. h4
Rf7 35. Rfd2 Rf8 36. Rxd5 exd5 37. Rxd5 g5 38. hxg5 hxg5 39. f5 Rh8 40. Rd6 Rh3+
41. Ke4 Rxc3 42. Rxa6 Rb3 43. Ra7+ Ke8 44. Rxg7 Rxb4 45. a6 Ra4 46. a7 Kf8 47.
Rb7 b4 48. Rb8+ Kf7 49. a8=Q 1-0

[Event "Women's Speed Chess Q4"]
[Site "chess.com INT"]
[Date "2021.06.03"]
[Round "1"]
[White "Linares Napoles, Oleiny"]
[Black "Varshini, V"]
[Result "1-0"]
[WhiteTitle "WGM"]
[BlackTitle "WGM"]
[WhiteElo "2255"]
[BlackElo "2226"]
[WhiteFideId "3504794"]
[BlackFideId "5091241"]
[EventDate "2021.06.03"]

1. d4 d5 2. Bf4 e6 3. e3 Nf6 4. Nd2 Be7 5. c3 O-O 6. Bd3 b6 7. Ngf3 Bb7 8. O-O
c5 9. h3 Nc6 10. Qe2 Bd6 11. Ne5 Ne7 12. Bh2 Rc8 13. Rad1 Nf5 14. dxc5 bxc5 15.
e4 Ne7 16. Rfe1 Nc6 17. Nxc6 Bxc6 18. e5 c4 19. Bb1 Bb8 20. exf6 Bxh2+ 21. Kxh2
Qxf6 22. Nf3 Rfd8 23. Qe5 Qe7 24. Rd4 Qb7 25. Bxh7+ Kxh7 26. Rh4+ Kg8 27. Qh5
Qc7+ 28. Kg1 Kf8 29. Ng5 d4 30. cxd4 g6 31. Qh7 Bd5 32. Re3 Rb8 33. Rxe6 1-0

[Event "Women's Speed Chess Q4"]
[Site "chess.com INT"]
[Date "2021.06.03"]
[Round "1"]
[White "Vargas, Gabriela"]
[Black "Avramidou, Anastasia"]
[Result "0-1"]
[WhiteTitle "WIM"]
[BlackTitle "FM"]
[WhiteElo "2170"]
[BlackElo "2238"]
[WhiteFideId "3700860"]
[BlackFideId "4239873"]
[EventDate "2021.06.03"]

1. d4 Nf6 2. Nf3 g6 3. Bg5 Bg7 4. c3 O-O 5. Nbd2 d5 6. e3 c5 7. Bd3 Nc6 8. O-O
h6 9. Bh4 g5 10. Bg3 Nh5 11. Qc2 Nxg3 12. hxg3 Qd6 13. dxc5 Qxc5 14. e4 Bg4 15.
exd5 Qxd5 16. Rad1 Rac8 17. Nc4 Qc5 18. Ne3 Bxf3 19. gxf3 Rfd8 20. Kg2 Qb6 21.
Qb1 e6 22. Rh1 Ne5 23. f4 Nxd3 24. Rxd3 Qc6+ 0-1

[Event "Women's Speed Chess Q4"]
[Site "chess.com INT"]
[Date "2021.06.03"]
[Round "1"]
[White "Yu, Jennifer"]
[Black "Sviridova, Vlada"]
[Result "1-0"]
[WhiteTitle "FM"]
[BlackTitle "WFM"]
[WhiteElo "2312"]
[BlackElo "2144"]
[WhiteFideId "2078341"]
[BlackFideId "24109606"]
[EventDate "2021.06.03"]

1. d4 d5 2. c4 c6 3. Nf3 Nf6 4. e3 Bf5 5. Nc3 e6 6. Nh4 Be4 7. f3 Bg6 8. Qb3 Qc7
9. Bd2 Be7 10. Nxg6 hxg6 11. cxd5 cxd5 12. O-O-O Nbd7 13. Kb1 Qb6 14. Bb5 O-O
15. Na4 Qd8 16. g4 Nb6 17. Ba5 Qd6 18. Bxb6 axb6 19. a3 Rfc8 20. h4 Rd8 21. h5
g5 22. Bd3 e5 23. dxe5 Qxe5 24. Nxb6 Ra5 25. f4 gxf4 26. exf4 Qxf4 27. Rdf1 Qxg4
28. Rfg1 Qf4 29. h6 g6 30. Qc3 d4 31. Qxa5 Qe3 32. Qb5 Rd6 33. Nc8 Re6 34. Nxe7+
Rxe7 35. h7+ Kh8 36. Qc4 Re6 37. Re1 1-0

[Event "Women's Speed Chess Q4"]
[Site "chess.com INT"]
[Date "2021.06.03"]
[Round "1"]
[White "Potapova, Margarita"]
[Black "Tarasova, Viktoriya"]
[Result "1-0"]
[WhiteTitle "WIM"]
[BlackTitle "WIM"]
[WhiteElo "2252"]
[BlackElo "2226"]
[WhiteFideId "14126869"]
[BlackFideId "4175840"]
[EventDate "2021.06.03"]

1. d4 Nf6 2. c4 e6 3. Nc3 Bb4 4. Qc2 d5 5. cxd5 exd5 6. Bg5 h6 7. Bh4 Nc6 8. e3
g5 9. Bg3 h5 10. Bb5 h4 11. Be5 Rh6 12. Ne2 Bd7 13. Bxc6 Bxc6 14. a3 Bd6 15. Qf5
Rg6 16. O-O Bd7 17. Qd3 Bc6 18. f4 g4 19. f5 Rg8 20. Nf4 Be7 21. b4 a6 22. a4 b6
23. b5 Bb7 24. Rac1 a5 25. Nce2 Rc8 26. Rc2 Nd7 27. Rfc1 Nxe5 28. dxe5 Bb4 29.
Nd4 Qe7 30. e6 f6 31. Ng6 Qh7 32. Nc6 Bxc6 33. Rxc6 h3 34. Qxd5 hxg2 35. Rd1 Bc5
36. Qd7+ 1-0

[Event "Women's Speed Chess Q4"]
[Site "chess.com INT"]
[Date "2021.06.03"]
[Round "1"]
[White "Antolak, Julia"]
[Black "Obregon Garcia, Roxangel"]
[Result "1-0"]
[WhiteTitle "WIM"]
[BlackTitle "WIM"]
[WhiteElo "2306"]
[BlackElo "2167"]
[WhiteFideId "1159569"]
[BlackFideId "3520420"]
[EventDate "2021.06.03"]

1. e4 c5 2. Nf3 Nc6 3. Bb5 g6 4. Bxc6 dxc6 5. O-O Bg7 6. h3 Nf6 7. d3 Nd7 8.
Nbd2 e5 9. Nc4 Qe7 10. a3 h6 11. Be3 O-O 12. Qd2 Kh7 13. b4 f5 14. exf5 gxf5 15.
Rae1 cxb4 16. axb4 Qf6 17. Bc5 Nxc5 18. bxc5 e4 19. dxe4 fxe4 20. Nfe5 Bf5 21.
Nd7 Bxd7 22. Qxd7 Rad8 23. Qxb7 Rd4 24. Nd6 Qg6 25. Re3 Rf3 26. Qxc6 h5 27. Rxf3
exf3 28. Qxf3 Be5 29. Re1 Bxd6 30. cxd6 Rxd6 31. Re7+ Kh6 32. Qf4+ Qg5 33. Qxd6+ 1-0

[Event "Women's Speed Chess Q4"]
[Site "chess.com INT"]
[Date "2021.06.03"]
[Round "1"]
[White "Tomilova, Elena"]
[Black "Agrest, Inna"]
[Result "0-1"]
[WhiteTitle "WGM"]
[BlackTitle "WIM"]
[WhiteElo "2338"]
[BlackElo "2285"]
[WhiteFideId "4162340"]
[BlackFideId "1708830"]
[EventDate "2021.06.03"]

1. d4 Nf6 2. Bf4 g6 3. e3 Bg7 4. Nf3 O-O 5. h3 d6 6. Nbd2 Nfd7 7. c3 e5 8. Bg3
Nc6 9. Bc4 Kh8 10. O-O f5 11. dxe5 dxe5 12. e4 f4 13. Bh4 Qe8 14. g3 h6 15. gxf4
exf4 16. Nd4 Nxd4 17. cxd4 g5 18. e5 gxh4 19. Kh1 Nb6 20. Bb3 Bxh3 21. Rg1 Rd8
22. Ne4 f3 23. Nf6 Bg2+ 24. Rxg2 fxg2+ 25. Kg1 Bxf6 26. exf6 Rxf6 27. Qd3 Qg6
28. Qh3 Rxd4 29. Re1 c5 30. Qh2 Rd8 31. Qc7 Re8 32. Rd1 c4 33. Bxc4 Nxc4 34.
Qxc4 Qe4 35. Qc3 Qe5 36. Qh3 Qf4 37. Rd2 Qxd2 0-1

[Event "Women's Speed Chess Q4"]
[Site "chess.com INT"]
[Date "2021.06.03"]
[Round "1"]
[White "Arpita, Mukherjee"]
[Black "Vantika, Agrawal"]
[Result "1/2-1/2"]
[WhiteTitle "WIM"]
[BlackTitle "WIM"]
[WhiteElo "2206"]
[BlackElo "2286"]
[WhiteFideId "5056403"]
[BlackFideId "25050389"]
[EventDate "2021.06.03"]

1. e4 c5 2. Nf3 d6 3. Bb5+ Nd7 4. d4 cxd4 5. Qxd4 a6 6. Bxd7+ Bxd7 7. c4 e5 8.
Qd3 b5 9. Nc3 bxc4 10. Qxc4 Be6 11. Qe2 Be7 12. O-O Nf6 13. Rd1 Qb6 14. Bg5 O-O
15. Rac1 Rab8 16. b3 Rfc8 17. h3 h6 18. Bxf6 Bxf6 19. Nd5 Bxd5 20. Rxc8+ Rxc8
21. Rxd5 Rc1+ 22. Kh2 Be7 23. Nd2 Rc2 24. Qd3 Rxa2 25. f3 Qf2 26. Qc3 Bg5 27.
Qc8+ Kh7 28. Qf5+ Kg8 29. Qc8+ Kh7 30. Qf5+ Kg8 31. Qc8+ 1/2-1/2

[Event "Women's Speed Chess Q4"]
[Site "chess.com INT"]
[Date "2021.06.03"]
[Round "1"]
[White "Mkrtchian, Lilit"]
[Black "Starosta, Martyna"]
[Result "0-1"]
[WhiteTitle "IM"]
[BlackTitle "WCM"]
[WhiteElo "2388"]
[BlackElo "1910"]
[WhiteFideId "13300601"]
[BlackFideId "21818754"]
[EventDate "2021.06.03"]

1. e4 c5 2. Nc3 d6 3. d4 cxd4 4. Qxd4 Nc6 5. Qd2 Nf6 6. b3 g6 7. Bb2 Bg7 8.
O-O-O a5 9. a4 Nb4 10. f3 Be6 11. Nge2 Rc8 12. Kb1 O-O 13. Nd4 Bd7 14. g4 d5 15.
e5 Ne8 16. Qe1 Nc7 17. h4 h6 18. Rg1 Ne6 19. Nxe6 Bxe6 20. f4 Kh8 21. Rd2 Qb6
22. Bb5 d4 23. Ne4 d3 24. c4 Nc2 25. Qg3 Rfd8 26. f5 Bd7 27. f6 exf6 28. exf6
Bf8 29. Rxd3 Bxb5 30. Rxd8 Rxd8 31. cxb5 Nb4 32. Rc1 Qe6 33. Nf2 Qe2 34. Nd1 Nd3
35. Qe3 Nxc1 36. Qxc1 Rxd1 0-1

[Event "Women's Speed Chess Q4"]
[Site "chess.com INT"]
[Date "2021.06.03"]
[Round "1"]
[White "Bommini, Mounika Akshaya"]
[Black "Socko, Monika"]
[Result "0-1"]
[WhiteTitle "WFM"]
[BlackTitle "GM"]
[WhiteElo "2029"]
[BlackElo "2421"]
[WhiteFideId "25019872"]
[BlackFideId "1106619"]
[EventDate "2021.06.03"]

1. d4 Nf6 2. c4 e6 3. Nc3 Bb4 4. f3 O-O 5. a3 Bxc3+ 6. bxc3 c5 7. e4 d6 8. d5 e5
9. Bd3 Nbd7 10. Ne2 Nh5 11. O-O g6 12. Bh6 Ng7 13. f4 exf4 14. Nxf4 Ne5 15. Qd2
Qh4 16. Bxg7 Kxg7 17. Be2 Bg4 18. Bxg4 Qxg4 19. h3 Qh4 20. Qe2 Qg3 21. Rac1 Rae8
22. Rf2 Kh8 23. Rcf1 Qxc3 24. Ne6 fxe6 25. Rxf8+ Rxf8 26. Rxf8+ Kg7 27. Qf1 Qe3+
28. Kh2 Qxe4 29. Qf6+ Kh6 30. Qxe6 Qxc4 31. Qxd6 Qe4 32. Qe6 c4 33. d6 Nf3+ 34.
Rxf3 Qxe6 0-1

[Event "Women's Speed Chess Q4"]
[Site "chess.com INT"]
[Date "2021.06.03"]
[Round "1"]
[White "Vu, Bui Thi Thanh Van"]
[Black "Girya, Olga"]
[Result "1/2-1/2"]
[WhiteTitle "WFM"]
[BlackTitle "WGM"]
[WhiteElo "1750"]
[BlackElo "2451"]
[WhiteFideId "12408921"]
[BlackFideId "4195752"]
[EventDate "2021.06.03"]

1. d4 Nf6 2. Nf3 d5 3. e3 Bf5 4. c4 c6 5. Nc3 e6 6. cxd5 exd5 7. Bd3 Bxd3 8.
Qxd3 Nbd7 9. O-O Bd6 10. a3 O-O 11. b4 a6 12. Rb1 Re8 13. Bd2 Ne4 14. Rfc1 Ndf6
15. Be1 Qe7 16. Na4 h6 17. Nc5 Nh7 18. a4 Rab8 19. Qe2 Nhg5 20. Nd3 Nxf3+ 21.
Qxf3 Qh4 22. h3 Qd8 23. b5 axb5 24. axb5 Qd7 25. bxc6 bxc6 26. Qe2 Rec8 27. Rxb8
Rxb8 28. Qc2 Rb6 29. Ba5 Rb5 30. Be1 Rb6 31. Ba5 Rb5 32. Be1 Rb6 1/2-1/2

[Event "Women's Speed Chess Q4"]
[Site "chess.com INT"]
[Date "2021.06.03"]
[Round "1"]
[White "Chu, Ruotong"]
[Black "Balabayeva, Xeniya"]
[Result "0-1"]
[WhiteTitle "WIM"]
[BlackTitle "WFM"]
[WhiteElo "2207"]
[BlackElo "2178"]
[WhiteFideId "8605653"]
[BlackFideId "13719688"]
[EventDate "2021.06.03"]

1. d4 Nf6 2. c4 e6 3. g3 b6 4. Bg2 d5 5. Nc3 Ba6 6. cxd5 exd5 7. Bg5 c6 8. Nf3
Be7 9. O-O O-O 10. Ne5 Bb7 11. Rc1 Nbd7 12. Nxd7 Qxd7 13. Qa4 Rfd8 14. Rfd1 a5
15. a3 Rac8 16. h4 h6 17. Bf4 Bd6 18. Bxd6 Qxd6 19. b4 axb4 20. axb4 Ra8 21. Qb3
b5 22. Ra1 Re8 23. Rxa8 Rxa8 24. e4 dxe4 25. Nxe4 Nxe4 26. Bxe4 Ra4 27. Rd2 Rxb4
28. Qe3 Qf8 29. Kh2 Ra4 30. Rc2 Ra6 0-1

[Event "Women's Speed Chess Q4"]
[Site "chess.com INT"]
[Date "2021.06.03"]
[Round "1"]
[White "Cori T., Deysi"]
[Black "Nguyen, Thi Thanh An"]
[Result "1-0"]
[WhiteTitle "WGM"]
[BlackTitle "WGM"]
[WhiteElo "2388"]
[BlackElo "2259"]
[WhiteFideId "3801934"]
[BlackFideId "12400300"]
[EventDate "2021.06.03"]

1. Nf3 Nf6 2. d4 d5 3. c4 c6 4. Nbd2 e6 5. e3 Bd6 6. Bd3 O-O 7. O-O b6 8. Qe2
Bb7 9. Rd1 Qe7 10. e4 dxe4 11. Nxe4 Nxe4 12. Qxe4 f5 13. Qe2 Nd7 14. Bg5 Qf7 15.
c5 bxc5 16. Bc4 Rae8 17. dxc5 Bxc5 18. Ne5 Nxe5 19. Qxe5 Bb6 20. Re1 Qg6 21. Qg3
Kh8 22. Rad1 e5 23. Bd2 Qxg3 24. hxg3 Bd4 25. Bb4 c5 26. Ba3 g6 27. b4 cxb4 28.
Bxb4 Rc8 29. Bxf8 Rxc4 30. Bd6 Be4 31. Re2 Kg7 32. Kh2 Kf6 33. f3 Bc6 34. f4 e4
35. Rxd4 Rxd4 36. Be5+ 1-0

[Event "Women's Speed Chess Q4"]
[Site "chess.com INT"]
[Date "2021.06.03"]
[Round "1"]
[White "Li, Xueyi"]
[Black "Pham, Le Thao Nguyen"]
[Result "0-1"]
[WhiteTitle "WGM"]
[BlackTitle "IM"]
[WhiteElo "2328"]
[BlackElo "2369"]
[WhiteFideId "8605912"]
[BlackFideId "12401226"]
[EventDate "2021.06.03"]

1. d4 d5 2. c4 c6 3. Nf3 Nf6 4. Nc3 dxc4 5. a4 Bf5 6. Ne5 Na6 7. f3 Nd7 8. Nxc4
e5 9. e4 exd4 10. Qxd4 Be6 11. Nd6+ Bxd6 12. Qxd6 Ndc5 13. Qxd8+ Rxd8 14. Bxa6
Nxa6 15. O-O Nb4 16. a5 Bc4 17. Rd1 O-O 18. Be3 Nc2 19. Rxd8 Rxd8 20. Rd1 Rxd1+
21. Nxd1 Nxe3 22. Nxe3 Bb3 23. Nf5 Kf8 24. Nd6 b6 25. a6 Ke7 26. Nc8+ Kd7 27.
Nxa7 Kc7 28. Kf2 Be6 29. Ke3 Bd7 30. b4 Kb8 31. Nxc6+ Bxc6 32. Kd4 Ka7 33. Ke5
Kxa6 34. Kd6 Kb5 35. Ke7 Kxb4 36. Kxf7 Kc5 37. e5 b5 38. Kxg7 b4 39. e6 b3 40.
e7 b2 0-1

[Event "Women's Speed Chess Q4"]
[Site "chess.com INT"]
[Date "2021.06.03"]
[Round "1"]
[White "Zaksaite, Salomeja"]
[Black "Dong, Khanh Linh"]
[Result "1-0"]
[WhiteTitle "WIM"]
[BlackTitle "WCM"]
[WhiteElo "2202"]
[BlackElo "1970"]
[WhiteFideId "12801496"]
[BlackFideId "12403040"]
[EventDate "2021.06.03"]

1. e4 c5 2. Nf3 d6 3. d4 cxd4 4. Nxd4 Nf6 5. Nc3 a6 6. Bc4 e6 7. Bb3 b5 8. O-O
Be7 9. Qf3 Qc7 10. Qg3 O-O 11. Bh6 Ne8 12. Rad1 Qc5 13. Rfe1 Qh5 14. Be3 Bh4 15.
Qh3 Nf6 16. g3 e5 17. Nf5 g6 18. Ne7+ Kg7 19. Nxc8 Nc6 20. Nb6 Rab8 21. Qxh4
Qxh4 22. gxh4 b4 23. Ncd5 Nxe4 24. f3 Nc5 25. Bxc5 dxc5 26. Nd7 Nd4 27. Kf2 Rfd8
28. Nxb8 Rxb8 29. c3 bxc3 30. bxc3 Nxb3 31. axb3 Rxb3 32. Rb1 Ra3 33. Rxe5 Ra2+
34. Re2 Ra4 35. h5 gxh5 36. Rg1+ Kh6 37. Rb2 Rh4 38. Rb6+ f6 39. Rxf6# 1-0

[Event "Women's Speed Chess Q4"]
[Site "chess.com INT"]
[Date "2021.06.03"]
[Round "1"]
[White "Bivol, Alina"]
[Black "Szente Varga, Fruzsina"]
[Result "1-0"]
[WhiteTitle "WGM"]
[BlackTitle "WFM"]
[WhiteElo "2385"]
[BlackElo "2100"]
[WhiteFideId "4100123"]
[BlackFideId "712264"]
[EventDate "2021.06.03"]

1. e4 Nf6 2. e5 Nd5 3. c4 Nb6 4. d4 d6 5. exd6 exd6 6. Nc3 Be7 7. h3 O-O 8. Nf3
Bf6 9. Be2 Nc6 10. O-O Re8 11. Be3 Bf5 12. a3 Bg6 13. b4 d5 14. c5 Nc8 15. b5
N6e7 16. Rc1 Nf5 17. Bf4 c6 18. Ne5 Nce7 19. Bg4 Bxe5 20. Bxe5 Nh6 21. Bf3 Nef5
22. Qa4 Qd7 23. bxc6 bxc6 24. Bxd5 Rac8 25. Ba2 Kh8 26. Rcd1 f6 27. Bf4 Nf7 28.
d5 Ng5 29. d6 Ne6 30. Qc4 Nxf4 31. Qxf4 h6 32. Rfe1 Bh7 33. Bb3 g5 34. Qc4 Kg7
35. Ne4 Nh4 36. Ng3 Rxe1+ 37. Rxe1 Re8 38. Rxe8 Qxe8 39. Qe6 Bg6 40. d7 Qd8 41.
Qxc6 Nf5 42. Qc8 Qe7 43. Nxf5+ Bxf5 44. d8=Q Qe1+ 45. Kh2 Qe5+ 46. g3 Bxc8 47.
Qxc8 Kg6 48. Qg8+ Kf5 49. Qh7# 1-0

[Event "Women's Speed Chess Q4"]
[Site "chess.com INT"]
[Date "2021.06.03"]
[Round "1"]
[White "Sliwicka, Alicja"]
[Black "Pavlidou, Ekaterini"]
[Result "1-0"]
[WhiteTitle "WIM"]
[BlackTitle "WIM"]
[WhiteElo "2346"]
[BlackElo "2157"]
[WhiteFideId "1150677"]
[BlackFideId "4213262"]
[EventDate "2021.06.03"]

1. e4 c5 2. Nf3 Nc6 3. d4 cxd4 4. Nxd4 Nf6 5. Nc3 e6 6. Nb3 d6 7. Bd3 Be7 8. O-O
a6 9. f4 O-O 10. Qf3 Qc7 11. Bd2 b5 12. Rae1 Bb7 13. Qh3 b4 14. Nd1 g6 15. f5
exf5 16. exf5 Ne5 17. Bg5 Rae8 18. Bh6 Nfg4 19. Bxf8 Rxf8 20. Qg3 Qb6+ 21. Kh1
Qd8 22. Qf4 a5 23. h3 Bg5 24. Qd4 Bh6 25. f6 Nxf6 26. Rxe5 dxe5 27. Qxd8 Rxd8
28. Rxf6 e4 29. Be2 Bg7 30. Rb6 Bd5 31. Nxa5 Bd4 32. Rxb4 Bc5 33. Rb5 Ba7 34.
Nb7 Rb8 35. Nd6 Rxb5 36. Nxb5 Bb6 37. c4 Bc6 38. b4 f5 39. a4 f4 40. c5 f3 41.
gxf3 exf3 42. Bf1 Bd8 43. Kg1 Bh4 44. Nd4 g5 45. Nxc6 h5 46. Ne5 g4 47. hxg4
hxg4 48. Nxg4 1-0

[Event "Women's Speed Chess Q4"]
[Site "chess.com INT"]
[Date "2021.06.03"]
[Round "1"]
[White "Pourkashiyan, Atousa"]
[Black "Matveeva, Olga"]
[Result "1-0"]
[WhiteTitle "WGM"]
[BlackTitle "WIM"]
[WhiteElo "2322"]
[BlackElo "2145"]
[WhiteFideId "12502014"]
[BlackFideId "24107018"]
[EventDate "2021.06.03"]

1. e4 e6 2. d4 d5 3. Nd2 c5 4. exd5 Qxd5 5. Ngf3 cxd4 6. Bc4 Qd6 7. O-O Nf6 8.
Nb3 Nc6 9. Nbxd4 Nxd4 10. Nxd4 a6 11. Re1 Qc7 12. Bb3 Bd7 13. Bg5 Bd6 14. h3
O-O-O 15. Qe2 Qc5 16. Be3 Qe5 17. Nf3 Qe4 18. Rad1 Bc6 19. c3 h5 20. Bc2 Bb5 21.
Bxe4 Bxe2 22. Rxe2 Nxe4 23. Rde1 f5 24. Bd4 Rhg8 25. Nd2 Nxd2 26. Rxd2 e5 27.
Bxe5 Bxe5 28. Rxd8+ Rxd8 29. Rxe5 Rd2 30. Rxf5 Rxb2 31. Rf8+ Kc7 32. Rf7+ Kc6
33. Rxg7 Rxa2 34. f4 Rc2 35. f5 Rxc3 36. f6 Rc4 37. g3 Rc5 38. g4 hxg4 39. hxg4
Rc4 40. g5 Rf4 41. f7 Kd6 42. g6 Ke7 43. Rg8 a5 44. Re8+ Kd7 45. f8=Q Rxf8 46.
Rxf8 a4 47. Ra8 b5 48. g7 1-0